Propuestas de servicios para la colonia el Limón y sus áreas circunvecinas (un siglo de soluciones habitacionales estatales)
El presente trabajo trata del urbanismo que está íntimamente ligado a la historia social delos pueblos, efectuando un desarrollo histórico de los cantones para “trabajadores y gente pobre”.
| Main Author: | |
|---|---|
| Other Authors: | |
| Format: | Tesis Section = Libro |
| Language: | Undetermined Spanish |
| Published: |
Guatemala
USAC-G
1985
|
| Subjects: |
| LEADER | 00930nam a2200217Ia 4500 | ||
|---|---|---|---|
| 008 | 240830s9999 xx 000 0 und d | ||
| 040 | |a BIBLIOTECA-RUSB/ Mon 711.47281 A472 | ||
| 041 | |a spa | ||
| 082 | |a Mon 711.47281 A472 | ||
| 100 | 1 | |a Álvarez Mancilla, Juan Carlos | |
| 245 | 1 | 0 | |a Propuestas de servicios para la colonia el Limón y sus áreas circunvecinas (un siglo de soluciones habitacionales estatales) |
| 260 | |a Guatemala |b USAC-G |c 1985 | ||
| 300 | |a 261 p. :il. | ||
| 502 | |a Tesis (Arquitecto) - USAC-G, 1985. | ||
| 520 | 3 | |a El presente trabajo trata del urbanismo que está íntimamente ligado a la historia social delos pueblos, efectuando un desarrollo histórico de los cantones para “trabajadores y gente pobre”. | |
| 650 | 7 | |a CIUDADES (PLANES Y PLANIFICACION LOCALES - GUATEMALA) | |
| 650 | 7 | |b URBANISMO | |
| 700 | 1 | |a Tutor: |b Garrido Elgueta, Carlos E. | |
| 942 | |c BK |2 ddc | ||
| 991 | |a TESIS | ||
| 999 | |c 20986 | ||